| Tag |
First Indicator |
Second Indicator |
Subfields |
| LEADER |
00000cam a2200000 a 4500 |
| 001 |
in00000088649 |
| 005 |
20151008065158.0 |
| 008 |
820415s1981 miu b 00100 eng |
| 010 |
|
|
|a 81067259
|
| 020 |
|
|
|a 025040480X
|
| 035 |
|
|
|a (OCoLC)07963066
|
| 035 |
|
|
|9 AAK5494AM
|
| 039 |
0 |
|
|a 2
|b 3
|c 3
|d 3
|e 3
|
| 040 |
|
|
|a DLC
|c DLC
|d TXA
|d UtOrBLW
|
| 049 |
|
|
|a TXAM
|c [1443027]
|
| 050 |
0 |
0 |
|a QH541.15.T68
|b M47
|
| 082 |
0 |
|
|a 574.5/222
|2 19
|
| 245 |
0 |
0 |
|a Methods for ecological toxicology :
|b a critical review of laboratory multispecies tests /
|c edited by Anna S. Hammons ; contributors, J.M. Giddings, G.W. Suter, II, L.W. Barnthouse.
|
| 264 |
|
1 |
|a Ann Arbor, Mich. :
|b Ann Arbor Science Publishers,
|c [1981]
|
| 264 |
|
4 |
|c ©1981
|
| 300 |
|
|
|a xiii, 307 pages ;
|c 29 cm.
|
| 336 |
|
|
|a text
|b txt
|2 rdacontent
|
| 337 |
|
|
|a unmediated
|b n
|2 rdamedia
|
| 338 |
|
|
|a volume
|b nc
|2 rdacarrier
|
| 500 |
|
|
|a "Prepared by the Environmental Sciences Division, Oak Ridge National Laboratory"--Pref.
|
| 500 |
|
|
|a Includes index.
|
| 504 |
|
|
|a Bibliography: pages 189-307.
|
| 505 |
0 |
|
|a Introduction -- Conclusions and recommendations -- Laboratory tests for chemical effects on aquatic population interactions and ecosystem properties / J.M. Giddings -- Laboratory tests for chemical effects on terrestrial population interactions and ecosystem properties / G.W. Suter, II -- Mathematical models useful in chemical hazard assessment / L.W. Barnthouse.
|
| 650 |
|
0 |
|a Toxicity testing.
|
| 700 |
1 |
|
|a Hammons, Anna S.
|
| 700 |
1 |
|
|a Giddings, J. M.
|q (Jeffrey M.)
|
| 700 |
1 |
|
|a Suter, Glenn W.,
|c II.
|
| 700 |
1 |
|
|a Barnthouse, L. W.
|q (Lawrence W.)
|
| 710 |
2 |
|
|a Oak Ridge National Laboratory.
|b Environmental Sciences Division.
|
| 999 |
|
|
|a MARS
|
| 999 |
f |
f |
|s 6bdf6956-efdc-3b35-9b29-fee7ef59b3e1
|i 04c291ca-fbf5-3d10-ab11-b41b3861690e
|t 0
|
| 952 |
f |
f |
|p ric
|a Texas A&M University
|b Rellis Campus
|c Joint Library Facility
|d Remote Storage
|t 0
|e QH541.15.T68 M47
|h Library of Congress classification
|i unmediated -- volume
|m A14806217636
|
| 998 |
f |
f |
|a QH541.15.T68 M47
|t 0
|l Remote Storage
|